| 000 | 00968aam a2200289 i 4500 | ||
|---|---|---|---|
| 001 | 69591 | ||
| 003 | Mx-PuUPA | ||
| 005 | 20220808083939.0 | ||
| 008 | 211126s2015 mx ||||gr|||| 00| 0 spa d | ||
| 020 | _a9786077441076 | ||
| 040 |
_aMx-PuUPA _bspa _cMx-PuUPA _dMx-PuUPA _erda |
||
| 041 | 0 | _aspa | |
| 100 | 1 |
_aCué Mancera, Agustín, _eautor _911787 |
|
| 245 | 1 | 0 |
_aNegocios internacionales en un mundo globalizado / _cAgustín Cue Mancera |
| 264 | 1 |
_aMéxico, D.F. : _bGrupo Editorial Patria, _c©2015 |
|
| 300 |
_axii, 424 páginas ; _c27 cm |
||
| 336 |
_2rdacontent _atexto _btxt |
||
| 337 |
_2rdamedia _asin medio _bn |
||
| 338 |
_2rdacarrier _avolumen _bnc |
||
| 650 | 7 |
_2armarc _aEmpresas internacionales |
|
| 650 | 7 |
_2armarc _aNegocios |
|
| 650 | 7 |
_2armarc _aEconomía |
|
| 942 |
_2ddc _h658.049 _iC965 _cLI |
||
| 999 |
_c69591 _d69591 |
||